Aasian maantiedettä kirjaimittain - M - Statistics

Yleistilastot
  • Tätä visaa on pelattu 491 kertaa
  • Keskiarvotulos 12 / 20
Vastaustilastot
Vihje Vastaus % Oikein
Muslimit rukoilevat tätä kaupunkia päin Mekka
96%
Kuala Lumpur on tämän valtion pääkaupunki Malesia
95%
Sisämaavaltio Venäjän ja Kiinan välissä Mongolia
95%
Yli miljardin ihmisen puhuma kiinalainen kieli Mandariinikiina
91%
Tunnetaan myös nimellä Burma Myanmar
88%
Filippiinien pääkaupunki Manila
87%
Tyynenmeren syvin syvänmeren hauta Mariaanien hauta
84%
Intian finanssipääkaupunki Mumbai
82%
Saarivaltio Intian valtamerellä Malediivit
79%
Historiallinen alue Eufratin ja Tigriksen ympäristössä Mesopotamia
52%
Muhammed haudattiin tässä kaupungissa Medina
49%
Indokiinan pisin joki Mekong
49%
Kiinan suosittu uhkapelikaupunki Macao
48%
Omanin pääkaupunki Masqat
47%
Koillis-Kiinan historiallinen alue Mantšuria
32%
Yllä olevan valtion ja Sumatran välinen meriliikenteen tärkeä reitti {Malakan}salmi
25%
Mustanmeren ja Välimeren välinen merialue Marmaranmeri
25%
Yllä olevan toiseksi suurin kaupunki Mandalay
19%
Irakin toiseksi suurin kaupunki Mosul
19%
Chennain siirtomaa-aikainen nimi Madras
15%
Ehtoja vastaavia visoja ei löytynyt
Tulosjakauma
Jokaisen tuloksen saaneiden osuus
Persentiili vastausten määrän mukaan
Tuloshistoriasi
Et ole pelannut tätä visaa